Εισαγωγή στην ηλεκτροχημεία /
Το βιβλίο αποτελεί μια εισαγωγή στις βασικές έννοιες της Ηλεκτροχημείας. Έμφαση δίνεται στην κατανόηση των εννοιών με τη υιοθέτηση απλής και επεξηγηματικής γλώσσας αλλά και με χρήση παραδειγμάτων και ασκήσεων....
Αποθηκεύτηκε σε:
| Κύριος συγγραφέας: | |
|---|---|
| Μορφή: | Βιβλίο |
| Γλώσσα: | Greek |
| Έκδοση: |
Θεσσαλονίκη :
Ζήτη,
2005
|
| Θέματα: |
| LEADER | 01514namaa2200265 4500 | ||
|---|---|---|---|
| 001 | main_34844 | ||
| 003 | GR-kkKDBK | ||
| 005 | 20191021200936.0 | ||
| 006 | a|||||r||||||||||| | ||
| 008 | 150414s2005uuuugr# |||erb||| 001|0 gre d | ||
| 999 | |c 36888 |d 36888 | ||
| 020 | |a 960-431-953-1 | ||
| 040 | |a GR-kkKDBK |b gre |d GR-kkKDBK |e AACR2 | ||
| 082 | 0 | |a 541 | |
| 100 | 1 | |4 aut |a Κυρατζής, Νικόλαος Ευριπίδης |9 217 | |
| 245 | 1 | 0 | |a Εισαγωγή στην ηλεκτροχημεία / |c Νικόλαος-Ευριπίδης Κυρατζής |
| 260 | |a Θεσσαλονίκη : |b Ζήτη, |c 2005 | ||
| 300 | |a 176 σ. ; |c 24 εκ. | ||
| 500 | |a Περιλαμβάνει βιβλιογραφία σ.157 και ευρετήριο | ||
| 520 | |a Το βιβλίο αποτελεί μια εισαγωγή στις βασικές έννοιες της Ηλεκτροχημείας. Έμφαση δίνεται στην κατανόηση των εννοιών με τη υιοθέτηση απλής και επεξηγηματικής γλώσσας αλλά και με χρήση παραδειγμάτων και ασκήσεων. | ||
| 650 | 4 | |a Ηλεκτροχημεία |9 55108 | |
| 700 | 1 | |a Κυρατζής, Νικόλαος Ευριπίδης |t Εισαγωγή στην ηλεκτροχημεία |9 104581 | |
| 710 | 2 | |4 pbl |a Ζήτη |9 27217 | |
| 942 | |c BK | ||
| 952 | |0 0 |1 0 |4 0 |6 541_000000000000000_ΚΥΡ |7 0 |9 49078 |a KDBK |b KDBK |d 2015-04-14 |e Δωρεά |i 04412015 |l 1 |o 541 ΚΥΡ |p 04412015 |r 2019-04-28 |w 2019-04-28 |y BK | ||